000 00767nam a2200229Ii 4500
003 JO-AjNU
008 230605s9999||||xx |||||||||||||| ||und||
017 _a2013/4/1179
020 _a978-9957-597-03-0
040 _aJO-AjNU
_bara
_erda
_cJO-AjNU
041 _aara
050 1 4 _aPJ7960.A22 2015
100 3 _aربابعة، شفيق أحمد,
_eauthor
_951755
245 0 0 _aالثائرون وحجج المتبصرين
250 _aالطبعة العربية
264 3 1 _aعمان: دار امجد للنشر والتوزيع، 2015
300 _a167ص
336 _atext
_btxt
_2rdacontent
337 _aunmediated
_bn
_2rdamedia
338 _avolume
_bnc
_2rdacarrier
650 4 _aالاردن - العصر الحديث - الشعر العربي
_951756
999 _aA22886
_c26454
_d26454